Open Data Biblioteca Nacional de Portugal


República Portuguesa: Ministério da Cultura
Biblioteca Nacional de Portugal

Catálogo da BNP: acesso por Identificadores Unívocos
Registos Bibliográficos associados ao registo de autoridade

Etiqueta de registo: 00000nkm 2200025 450
001 2278436
003 http://id.bnportugal.gov.pt/bib/catbnp/2278436
100 ## $a20260309f197- m y0pory01030103ba
101 0# $apor
102 ## $aPT
200 1# $aÍcaro, o falcão dos céus (para as crianças), texto, encenação e cenografia Fernando Lobo, Pé-de-página, Grupo de Teatro da S.F.R.A.A. $bVisual gráfico]$fGrupo de Teatro da S.F.R.A.A.$gF. Lobo
210 #9 $aAmadora$cGrupo de Teatro da S.F.R.A.A.,$d[197-?]
215 ## $a1 cartaz$ccolor.$d29x20 cm
306 ## $aDatação em conformidade com as características formais do documento
317 ## $aColeção Madeira Luís
702 #1 $aLobo,$bFernando$4040$3186854
710 02 $aGrupo de Teatro da S.F.R.A.A.,$eAmadora$31990169
801 #0 $aPT$bBN$gRPC
966 ## $lBN$mICONOG$sCT. 6340 P.$x3
971 ## $cCaticonografia7$d20260309
995 ## $aPRR2026

OpendataBNP@bnportugal.pt | Mais informação sobre acesso aos dados BNP